000 00409nam a22001577a 4500
020 _a8131715361
082 _a004.6
100 _aWilliam Stallings
245 _aData And Computer Communications
250 _a8th ed.
260 _aIndia
_bDorling Kindersley Pvt Ltd
_c2007
300 _a834 p. xvi
_bill.
500 _ainclude Index
650 _aData transmission systems, Computer networks.
942 _cBK
999 _c12156
_d12156